Markets (Record no. 81920)
[ view plain ]
| 000 -LEADER | |
|---|---|
| fixed length control field | 01155cab a22002055a 4500 |
| 001 - CONTROL NUMBER | |
| control field | L148657 |
| 008 - FIXED-LENGTH DATA ELEMENTS--GENERAL INFORMATION | |
| fixed length control field | 091015e20091009xxkdo f 000 0 eng d |
| 035 ## - SYSTEM CONTROL NUMBER | |
| System control number | (Sirsi) u148657 |
| 041 0# - LANGUAGE CODE | |
| Language code of text/sound track or separate title | eng |
| 100 1# - MAIN ENTRY--PERSONAL NAME | |
| Personal name | Eade, Christine |
| 245 00 - TITLE STATEMENT | |
| Title | Markets |
| Remainder of title | Ireland |
| 260 ## - PUBLICATION, DISTRIBUTION, ETC. | |
| Date of publication, distribution, etc. | 2009 |
| 490 #0 - SERIES STATEMENT | |
| Series statement | Property Week |
| Volume/sequential designation | 75(41) 9 October 2009, 61-67(5) |
| 520 ## - SUMMARY, ETC. | |
| Summary, etc. | The National Asset Management Agency will shortly name Ireland's 25 worst hit property developers and put valuation work out to tender. Northern Ireland searches for Euros 4.8bn borrowed from the five Irish banks, spent by property developers and investors in the province. Foreign investment brings hope to Dublin's retail investment market and low rents breathe life into its office market. John Lewis's proposed first store in Northern Ireland, the Sprucefield scheme in Belfast, faces strong opposition. Northern Irish developers have raised objections to the extension of the Titanic Quarter, the office-led, mixed-use waterside scheme in Belfast. |
| 590 ## - LOCAL NOTE (RLIN) | |
| Local note | KA |
| 651 #4 - SUBJECT ADDED ENTRY--GEOGRAPHIC NAME | |
| Geographic name | Dublin |
| 651 4# - SUBJECT ADDED ENTRY--GEOGRAPHIC NAME | |
| Geographic name | Belfast |
| 690 ## - LOCAL SUBJECT ADDED ENTRY--TOPICAL TERM (OCLC, RLIN) | |
| Topical term or geographic name as entry element | PROPERTY-COMMERCIAL PROPERTY-COMMERCIAL PROPERTY MARKET |
| 942 ## - ADDED ENTRY ELEMENTS (KOHA) | |
| Suppress in OPAC | 0 |
| Withdrawn status | Lost status | Source of classification or shelving scheme | Damaged status | Not for loan | Home library | Current library | Shelving location | Date acquired | Total Checkouts | Full call number | Barcode | Date last seen | Copy number | Price effective from | Koha item type |
|---|---|---|---|---|---|---|---|---|---|---|---|---|---|---|---|
| Dewey Decimal Classification | London | London | Journal article | 15/10/2009 | L148657 | 148657-1001 | 06/08/2019 | 1 | 06/08/2019 | Journal article |